Influence of TPD on cytokinin level in Hevea bark (Record no. 50076)

MARC details
000 -LEADER
fixed length control field 00437nam a2200157Ia 4500
100 ## - MAIN ENTRY--AUTHOR NAME
Personal name Krishnakumar R.
245 #0 - TITLE STATEMENT
Title Influence of TPD on cytokinin level in Hevea bark
260 ## - PUBLICATION, DISTRIBUTION, ETC. (IMPRINT)
Name of publisher Indian Journal of Natural Rubber Research
Year of publication 1997
300 ## - PHYSICAL DESCRIPTION
Number of Pages 107-109
650 ## - SUBJECT ADDED ENTRY--TOPICAL TERM
Topical Term Cytokinin
650 ## - SUBJECT ADDED ENTRY--TOPICAL TERM
Topical Term Tapping panel dryness
700 ## - ADDED ENTRY--PERSONAL NAME
Personal name Sasidhar V.R.
700 ## - ADDED ENTRY--PERSONAL NAME
Personal name Sethuraj M.R.
942 ## - ADDED ENTRY ELEMENTS (KOHA)
Koha item type Bibliography STAF
Holdings
Withdrawn status Lost status Damaged status Not for loan Home library Current library Shelving location Date acquired Serial Enumeration / chronology Koha item type
      Bibliography RRII Library RRII Library Pathology 09/04/2014 Volume 10, Issue 1&2 Bibliography STAF